000 00544nam a2200193Ia 4500
005 20230506112106.0
008 131103s9999 xx 000 0 und d
020 _a0 340 11863 6
_cP.B.G.4.40
040 _aLoreto College
041 _aEnglish
082 _a823.809
_bCOL
100 _acolby, Vineta
245 4 _aThe singular Anomaly
_b women novelists of the 19th cen.
_cVineta Colby
260 _aNewyork
_bNewyork University Press
_c1970
300 _a313p.
650 _aEnglish fiction - criticism
850 _aLCLIB
942 _cBK
999 _c22244
_d72723